| 000 | 00461nam a2200157 a 4500 | ||
|---|---|---|---|
| 001 | 000013341 | ||
| 005 | 20200929163212.0 | ||
| 008 | 091123s1937 dr 001 0 spa d | ||
| 040 |
_aDO-SdBNP _bspa _cBNPHU |
||
| 082 |
_axxx _bV335e |
||
| 100 | 1 |
_aSuárez Vásquez, R. _930540 |
|
| 245 | 1 | 0 |
_aEstampas capitaleñas / _cR. Suárez Vásquez. |
| 260 |
_aCiudad Trujillo, República Dominicana : _bLa Opinión, _c1937. |
||
| 300 |
_a128 p. ; _c19 cm. |
||
| 049 | _aBNPD | ||
| 999 |
_c12969 _d12969 |
||